000 00640nam a2200181Ia 4500
003 LK-CoDNM
008 010623t1987 xxu||||| |||| 00| 1 sin d
040 _aLK-CoDNM
_dLK-CoDNM
_eLK-CoDNM
041 _asin
080 _a37
_bPAT
100 _aPathirana, Chandrasiri
245 _aළමයින් පාසල් හැරයාම හෙවත් අධ්‍යාපනය ළමයින් හැරයාම
246 _aLamain Paasal herayama hevath Adyapanaya Lamain Herayama
260 _bPrajaathantriiya Aithiin Rekageniime Viyaaparaya
_aRajagiriya
_c1987
300 _b60, 21.5 cm
650 _aEducation
942 _cBK
999 _c113822
_d113822